Wydarzyło się w roku - Statystyki

Ogólne statystyki
  • Ten quiz został rozwiązany 37 razy
  • Średni wynik to 11 z 15
Statystyki odpowiedzi
Zagadnienie Odpowiedź % Poprawnych
Kiedy w Polsce miała miejsce, najbardziej słynna z mediów, tak zwana "zima stulecia"? 1978
100%
Kiedy miała miejsce słynna Bitwa - z Krzyżakami - Pod Grunwaldem? 1410
90%
Kiedy nastąpiła katastrofa w elektrowni atomowej w Czarnobylu? 1986
90%
W którym roku Polska przystąpiła do Unii Europejskiej? 2004
90%
W którym roku odbył się Chrzest Polski? 966
90%
W którym roku wybuchło Powstanie Warszawskie? 1944
80%
W którym roku Karol Wojtyła został wybrany na papieża Jana Pawła II? 1978
80%
W którym roku rozpoczął obrady Okrągły Stół? 1989
70%
W którym roku odbyły się wybory, w których został wybrany na prezydenta RP Lech Wałęsa? 1990
70%
Kiedy doszło do tragicznej w skutkach powodzi stulecia w latach 90-tych w Polsce? 1997
70%
W którym roku zdarzyła się katastrofa lotnicza samolotu rządowego z prezydentem RP Lechem Kaczyńskim na pokładzie, w której zginęli wszyscy członkowie oficjalnej delegacji rządowej? 2010
70%
Kiedy obywatel(ka) Polski otrzymał(a) ostatnio Nagrodę Nobla? 2018
70%
Kiedy w budynku Rotundy w Warszawie (obiekt bankowy) nastąpił wybuch gazu, powodując śmierć 49 osób? 1979
40%
W którym roku zaczęły liniowo z pasażerami kursować w Polsce pociągi klasy Premium EIP "Pendolino"? 2014
40%
W którym roku uruchomiono tunel drogowy łączący oba brzegi miasta pod rzeką Świną w mieście Świnoujście? 2023
30%
Nie znaleziono quizów pasujących do podanych kryteriów
Rozkład punktacji
Procent ludzi z każdym wynikiem
Percentyl według liczby udzielonych odpowiedzi
Twoja historia wyników
Nie rozwiązałeś tego quizu